000 00781nam a2200241 i 4500
001 bg
245 0 0 _aKognitywistyka i media w edukacji /
_cUniwersytet Mikołaja Kopernika w Toruniu. Wydział Humanistyczny.
260 _aToruń :
_bWydaw. Adam Marszałek,
_c1998.
300 _a303 s. :
_bil. ;
_c24 cm.
500 _aStreszcz. ang.
504 _aBibliogr. przy art.
650 9 _aPsychologia
_xzagadnienia
650 9 _aMultimedia
_xstosowanie
_xnauczanie
650 9 _aPedagogika
_xzagadnienia
710 0 _aUniwersytet Mikołaja Kopernika (Toruń)
_bWydział Humanistyczny
020 _a8371742754
040 _cBPK
041 0 _apl
_ben
080 _a371.68/.69:004.032.6:159.9
920 _a83-7174-275-4
942 _cKS
008 s pl f |000 0 pol
999 _c37581
_d37581
856 _uhttp://koha.tu.koszalin.pl/cgi-bin/koha/opac-detail.pl?biblionumber=37581
_yKatalog online BPK